Vplyv informačno-komunikačných technológií na správanie spotrebiteľov v cestovnom ruchu diplomová práca
Guardado en:
| Autor principal: | |
|---|---|
| Autor Corporativo: | |
| Otros Autores: | |
| Formato: | Libro |
| Lenguaje: | eslovaco |
| Publicado: |
Bratislava
2015
|
| Etiquetas: |
Sin Etiquetas, Sea el primero en etiquetar este registro!
|
MARC
| LEADER | 00000nbm a2200000 4500 | ||
|---|---|---|---|
| 001 | 0201409 | ||
| 005 | 20161212103556.1 | ||
| 041 | 0 | |a slo | |
| 044 | |a SK | ||
| 245 | 1 | 0 | |a Vplyv informačno-komunikačných technológií na správanie spotrebiteľov v cestovnom ruchu |b diplomová práca |c Simona Slušňáková ; školiteľ: Ladislav Bažó |
| 264 | 1 | |a Bratislava |c 2015 | |
| 300 | |a 77 s. | ||
| 100 | 1 | |a Slušňáková, Simona | |
| 700 | 1 | |a Bažó, Ladislav, 1980- | |
| 710 | 2 | |a Obchodná fakulta EU. Katedra služieb a cestovného ruchu - zrušené | |